Instalación y puesta en marcha de una empresa productora y acopiadora de productos apícolas para exportación en el municipio de Masaya

El trabajo presenta los factores que influyen en la instalación y puesta en marcha de una empresa productora y acopiadora de productos apícolas para exportación en el municipio de Masaya, en dicho estudio se encontró una amplia demanda insatisfecha que permite a los productos de la empresa tener...

Full description

Bibliographic Details
Main Authors: Pérez Lanzas, Leslie Daleth, Orozco Olivas, Marco Antonio
Other Authors: Tutor: Silva Sobalbarro, Freddy Manuel
Format: Tesis Section = Libro
Language:Undetermined
Spanish
Published: Managua UNI 2013
Subjects:
LEADER 01244nam a2200265Ia 4500
008 240830s9999 xx 000 0 und d
040 |a BIBLIOTECA-RUPAP Mon 658.404 P438 
041 |a spa 
082 |a Mon 658.404 P438 
100 1 |a Pérez Lanzas, Leslie Daleth 
100 1 |b  Orozco Olivas, Marco Antonio 
245 1 0 |a Instalación y puesta en marcha de una empresa productora y acopiadora de productos apícolas para exportación en el municipio de Masaya 
260 |a Managua  |b UNI  |c 2013 
300 |a 174 p. :il. 
500 |a Contiene: anexos e Incluye: CD. 
502 |a Tesis (Ingeniero Industrial)- UNI, 2013. 
520 3 |a El trabajo presenta los factores que influyen en la instalación y puesta en marcha de una empresa productora y acopiadora de productos apícolas para exportación en el municipio de Masaya, en dicho estudio se encontró una amplia demanda insatisfecha que permite a los productos de la empresa tener una oportunidad de inserción en el mercado meta. 
650 7 |a ADMINISTRACION DE PROYECTOS 
650 7 |b APICULTURA - NICARAGUA 
650 7 |c MIEL DE ABEJAS 
650 7 |d PRODUCTOS APICOLAS 
700 1 |a Tutor:  |b Silva Sobalbarro, Freddy Manuel 
942 |c BK  |2 ddc 
991 |a TESIS 
999 |c 17391